Η θέση της γυναίκας στο Ισλάμ και τη σύγχρονη ιστορία : πτυχιακή εργασία
Αποθηκεύτηκε σε:
| Κύριος συγγραφέας: | |
|---|---|
| Μορφή: | Thesis Βιβλίο |
| Γλώσσα: | Greek |
| Δημοσίευση: |
Ρόδος :
Πανεπιστήμιο Αιγαίου, Τμήμα Μεσογειακών Σπουδών,
2006.
|
| Θέματα: | |
| Ετικέτες: |
Προσθήκη ετικέτας
Δεν υπάρχουν, Καταχωρήστε ετικέτα πρώτοι!
|
MARC
| LEADER | 00000cam a2200000 i 4500 | ||
|---|---|---|---|
| 001 | 1/27260 | ||
| 008 | 060330s2006 gre d | ||
| 035 | |l 10083361 | ||
| 040 | |a GR-MY-UA |b gre |e aacr | ||
| 041 | 0 | |a gre | |
| 082 | 7 | |a 305.420917671 |2 (22) | |
| 100 | 1 | |a Χατζηδανιήλ, Μαρία. | |
| 245 | 1 | 2 | |a Η θέση της γυναίκας στο Ισλάμ και τη σύγχρονη ιστορία : |b πτυχιακή εργασία / |c Χατζηδανιήλ Μαρία ; Γιάννης Σακκάς (υπεύθυνος καθηγητής). |
| 260 | |a Ρόδος : |b Πανεπιστήμιο Αιγαίου, Τμήμα Μεσογειακών Σπουδών, |c 2006. | ||
| 300 | |a 47 σ. ; |c 30 εκ. | ||
| 502 | |a Πτυχιακή εργασία – Πανεπιστήμιο Αιγαίου, Ρόδος, 2006. | ||
| 504 | |a Περιέχει βιβλιογραφικές παραπομπές. | ||
| 610 | 2 | 0 | |a University of the Aegean |x Dissertations. |
| 650 | 0 | 0 | |a Women |x Social conditions. |
| 650 | 0 | 0 | |a Women |z Islamic countries. |
| 650 | 0 | 0 | |a Women's rights |z Islamic countries. |
| 650 | 0 | 0 | |a Women |z Islamic countries |x History. |
| 700 | 1 | |a Σακκάς, Ιωάννης Δ. |e dgs | |
| 852 | |a INST |b RHODES |c DIATR |e 20060330 |h 305.420917671 ΧΑΤ |p 005400021382 |q 005400021382 |t DIE |y 23 | ||
| 852 | |a INST |b RHODES |c DIATR |e 20060330 |h 305.420917671 ΧΑΤ |p 005400021383 |q 005400021383 |t DIE |y 23 | ||
| 901 | |a BIBL4-2006-1 | ||
| 909 | |a Ρ |b 123173 | ||
| 909 | |a Ρ |b 123174 | ||
| 924 | |a ΧΑΤΖΗΔΑΝΙΗΛ |b ΜΑΡΙΑ |y Ρόδος |z 2006-03 | ||
| 970 | |a ΣΙΔΕΡΗ |b ΝΕΚΤΑΡΙΑ |z 2006/03/30 | ||